00000000nas##2200000za#4500
0019.508585
003CaOODSP
00520200325101157
007ta
008150406c1995||||xxc|| p #||||f|   |0fre|d
022 |a1483-2852
040 |aCaOODSP|bfre
041 |aeng
041 |afre
043 |an-cn---
0861 |aMP32-27
1101 |aCanada.|bDéveloppement des ressources humaines Canada. |bDirection générale de la recherche appliquée.
24513|aLa recherche appliquée
260 |aOttawa - Ontario : |bDéveloppement des ressources humaines Canada.
310 |aTrimestriel
500 |a«Le Bulletin de la recherche appliquée est un document de Développement des ressources humaines Canada. Il résume le travail récent de recherche et d'analyse réalisé principalement sous l'égide de la Direction générale de la recherche appliquée de Politique stratégique.»
5203 |aLe Bulletin de la recherche appliquée est un document de Développement des ressources humaines Canada. Il résume le travail récent de recherche et d'analyse réalisé principalement sous l'égide de la Direction générale de la recherche appliquée de Politique stratégique
546 |aBilingue
7760#|tLa recherche appliquée |w(CaOODSP)9.503556
7760#|tApplied research bulletin |w(CaOODSP)9.507166
791 |tApplied research bulletin |eeng|w(CaOODSP)9.508584